Física y artefactos domesticos /

Guardado en:
Autor Principal: Rela, Agustín
Formato: Libro
Publicado: Buenos Aires : Angstrom, 1994
Etiquetas: Agregar Etiqueta
Sin Etiquetas, Sea el primero en etiquetar este registro!
LEADER 00395nam a22001455a 4500
001 CEM.cems007597
005 20060214000000.0
008 130507s1994##################000#0#####d
003 CEMS
082 0 4 |a 530 
100 1 |a Rela, Agustín 
245 1 0 |a Física y artefactos domesticos / 
260 |a Buenos Aires :  |b Angstrom,  |c 1994 
300 |a 95 p. 
859 |a CEMS  |b BIB. CEMS - 11 de abril  |h 530  |i R27  |p 17736.94  |t Ej.1